Loading...
| Social Science | 0 | 9 | 0 | 0 | 90 | 37 | 60.00 | 3 | 8 | 34.35 | 53.33 |
| History - American | 0 | 9 | 0 | 0 | 90 | 16 | 48.00 | 5 | 9 | 46.17 | 58.33 |
| History - Other | 0 | 9 | 0 | 0 | 90 | 16 | 61.78 | 4 | 8 | 37.76 | 56.67 |
| Literature - European | 0 | 9 | 0 | 0 | 90 | 19 | 74.44 | 2 | 8 | 35.22 | 46.67 |
| Literature - World | 0 | 9 | 1 | 0 | 85 | 25 | 66.00 | 5 | 7 | 39.01 | 60.00 |
| History - European | 0 | 9 | 1 | 0 | 85 | 12 | 55.56 | 4 | 8 | 42.47 | 60.42 |
| Mythology | 0 | 8 | 1 | 0 | 75 | 35 | 81.75 | 1 | 5 | 24.61 | 39.17 |
| Literature - American | 0 | 8 | 1 | 0 | 75 | 24 | 66.38 | 4 | 6 | 35.84 | 48.75 |
| Religion | 0 | 6 | 0 | 0 | 60 | 52 | 80.00 | 3 | 5 | 17.55 | 38.33 |
| History - World | 0 | 6 | 1 | 1 | 55 | 8 | 67.50 | 1 | 4 | 24.57 | 29.58 |
| Philosophy | 0 | 6 | 1 | 0 | 55 | 51 | 65.83 | 3 | 6 | 21.68 | 41.67 |
| Literature - British | 0 | 6 | 1 | 0 | 55 | 42 | 72.00 | 2 | 5 | 25.30 | 36.25 |
| Fine Arts - Other | 0 | 6 | 1 | 2 | 55 | 93 | 120.17 | 0 | 6 | 3.61 | 23.33 |
| Fine Arts - Painting and Sculpture | 0 | 6 | 1 | 1 | 55 | 56 | 81.17 | 0 | 2 | 17.74 | 18.75 |
| Current Events | 0 | 2 | 0 | 0 | 20 | 19 | 50.00 | 1 | 2 | 39.26 | 60.00 |
| Popular Culture | 0 | 1 | 0 | 0 | 10 | 36 | 36.00 | 0 | 1 | 18.88 | 20.00 |
| Science - Biology | 0 | 1 | 0 | 0 | 10 | 91 | 91.00 | 0 | 1 | 2.31 | 3.33 |
| Other Academic | 0 | 1 | 0 | 0 | 10 | 46 | 46.00 | 0 | 0 | 20.23 | 8.33 |